Jeffcoate's principles of Gynaecology (Record no. 7465)

MARC details
000 -LEADER
fixed length control field 00489nam a22001937a 4500
003 - CONTROL NUMBER IDENTIFIER
control field OSt
005 - DATE AND TIME OF LATEST TRANSACTION
control field 20211112155219.0
008 - FIXED-LENGTH DATA ELEMENTS--GENERAL INFORMATION
fixed length control field 211112b ||||| |||| 00| 0 eng d
020 ## - INTERNATIONAL STANDARD BOOK NUMBER
International Standard Book Number 0750613262
040 ## - CATALOGING SOURCE
Transcribing agency NLM
082 ## - DEWEY DECIMAL CLASSIFICATION NUMBER
Edition number 5th
Classification number WP5
Item number J35j 1987
100 ## - MAIN ENTRY--PERSONAL NAME
Personal name Tindall, V R
9 (RLIN) 15290
245 ## - TITLE STATEMENT
Title Jeffcoate's principles of Gynaecology
260 ## - PUBLICATION, DISTRIBUTION, ETC. (IMPRINT)
Place of publication, distribution, etc. London:
Name of publisher, distributor, etc. Heinemann;
Date of publication, distribution, etc. 1987
300 ## - PHYSICAL DESCRIPTION
Extent 722p.:
Other physical details ill.,
Dimensions 24cm
504 ## - BIBLIOGRAPHY, ETC. NOTE
Bibliography, etc index
650 ## - SUBJECT ADDED ENTRY--TOPICAL TERM
Topical term or geographic name as entry element Genital organs
9 (RLIN) 15291
942 ## - ADDED ENTRY ELEMENTS (KOHA)
Source of classification or shelving scheme Other/Generic Classification Scheme
Koha item type Book
Holdings
Withdrawn status Lost status Source of classification or shelving scheme Damaged status Not for loan Home library Current library Date acquired Source of acquisition Inventory number Total Checkouts Full call number Barcode Date last seen Price effective from Koha item type
    Other/Generic Classification Scheme     MUST Main Library MUST Main Library 12/11/2021 Purchase 2021/41615   WP5 J35j 1987 2021-1670 12/11/2021 12/11/2021 Book